| 000 -LEADER |
| fixed length control field |
01235pab a2200157 454500 |
| 008 - FIXED-LENGTH DATA ELEMENTS--GENERAL INFORMATION |
| fixed length control field |
180718b2005 xxu||||| |||| 00| 0 eng d |
| 100 ## - MAIN ENTRY--PERSONAL NAME |
| Personal name |
Lodge, Martin |
| 245 ## - TITLE STATEMENT |
| Title |
Competency and higher civil servants: symposium introduction |
| 260 ## - PUBLICATION, DISTRIBUTION, ETC. |
| Date of publication, distribution, etc. |
2005 |
| 300 ## - PHYSICAL DESCRIPTION |
| Extent |
p.779-87. |
| 520 ## - SUMMARY, ETC. |
| Summary, etc. |
`Competency' is a word that seems to have crept into the language of public administration and policy relatively recently, although largely under the radar of academic scholarship in Europe. This article introduces a symposium of papers that address key questions about competency management: how and why has it become popular and what are the implications of the spread of `competency' approaches? As the introductory paper, it outlines the intellectual background to competency approaches and outlines three interpretations of their development. One interpretation sees them as a passing fad; a `difference' interpretation seems them as a common label for widely varying patterns and practices; and a `sameness' interpretation treats competency management as a symptom of broader politico-administrative developments. - Reproduced. |
| 650 ## - SUBJECT ADDED ENTRY--TOPICAL TERM |
| Topical term or geographic name entry element |
Civil service |
| 700 ## - ADDED ENTRY--PERSONAL NAME |
| Personal name |
Hood, Christopher |
| 773 ## - HOST ITEM ENTRY |
| Main entry heading |
Public Administration |
| 909 ## - |
| -- |
69428 |